[Event "Bad Bevensen Seniors op 12th"]
[Site "Bad Bevensen"]
[Date "2009.07.14"]
[Round "8"]
[White "Juergens, Peter1111"]
[Black "Wuestefeld, Dietfried"]
[Result "1/2-1/2"]
[WhiteElo "1812"]
[BlackElo "1733"]
[PlyCount "56"]
[EventDate "2009.07.07"]
[EventType "swiss"]
[EventRounds "9"]
[EventCountry "GER"]
[SourceTitle "EXT 2022"]
[Source "ChessBase"]
[SourceDate "2021.10.06"]
[SourceVersion "1"]
[SourceVersionDate "2021.10.06"]
[SourceQuality "1"]

1. d4 d5 2. Bf4 Bf5 3. e3 e6 4. Nf3 Nd7 5. Be2 h6 6. c4 Bxb1 7. Rxb1 Bb4+ 8. Nd2 Ngf6 9. 0-0 Bxd2 10. Qxd2 dxc4 11. Bxc4 Nd5 12. Bg3 0-0 13. e4 N5f6 14. f3 c6 15. Bf2 Re8 16. Rfd1 Nb6 17. Bb3 Qd7 18. Qa5 Nc8 19. Rbc1 Ne7 20. Bh4 Nh7 21. Bxe7 Qxe7 22. d5 exd5 23. exd5 Qe3+ 24. Kh1 Re5 25. Qd2 cxd5 26. Qxe3 Rxe3 27. Bxd5 Re7 28. Kg1 Kf8 1/2-1/2

[Event "Bad Bevensen Seniors op 12th"]
[Site "Bad Bevensen"]
[Date "2009.07.10"]
[Round "4"]
[White "Schlachetka, Werner"]
[Black "Wuestefeld, Dietfried"]
[Result "1-0"]
[WhiteElo "1936"]
[BlackElo "1733"]
[PlyCount "95"]
[EventDate "2009.07.07"]
[EventType "swiss"]
[EventRounds "9"]
[EventCountry "GER"]
[SourceTitle "EXT 2022"]
[Source "ChessBase"]
[SourceDate "2021.10.06"]
[SourceVersion "1"]
[SourceVersionDate "2021.10.06"]
[SourceQuality "1"]

1. e4 e5 2. Nf3 d6 3. Bc4 Be7 4. d3 Nf6 5. h3 0-0 6. c3 Nc6 7. Bb3 d5 8. Qe2 d4 9. Nbd2 Nd7 10. cxd4 exd4 11. a3 Nde5 12. Nxe5 Nxe5 13. 0-0 c5 14. f4 Nc6 15. Nf3 b5 16. Bd5 Bb7 17. Bd2 Qb6 18. b3 Nd8 19. Bxb7 Nxb7 20. Ne5 Rad8 21. Qg4 f6 22. Nd7 f5 23. Nxb6 fxg4 24. Nd5 Bf6 25. hxg4 Rd7 26. g5 Bd8 27. Rac1 Re8 28. Kf2 Re6 29. Rc2 Ra6 30. Bc1 Rc6 31. Bb2 Rf7 32. Ke2 Ra6 33. b4 c4 34. dxc4 Bxg5 35. fxg5 d3+ 36. Kxd3 Rxf1 37. cxb5 Rd6 38. Bd4 Rd7 39. Rc7 Rff7 40. Rxd7 Rxd7 41. Bxa7 Nd6 42. Bc5 Nxb5 43. a4 Nc7 44. Kc4 Kf7 45. Nxc7 Rxc7 46. b5 Ke6 47. b6 Kd7 48. bxc7 1-0

[Event "Hessen-ch Seniors op 04th"]
[Site "Bad Sooden-Allendorf"]
[Date "2008.04.29"]
[Round "6"]
[White "Wuestefeld, Dietfried"]
[Black "Fuchs, Manfred1111"]
[Result "1-0"]
[WhiteElo "1754"]
[BlackElo "1561"]
[PlyCount "95"]
[EventDate "2008.04.24"]
[EventType "swiss"]
[EventRounds "9"]
[EventCountry "GER"]
[SourceTitle "EXT 2022"]
[Source "ChessBase"]
[SourceDate "2021.10.06"]
[SourceVersion "1"]
[SourceVersionDate "2021.10.06"]
[SourceQuality "1"]

1. d4 d5 2. Nf3 c6 3. e3 g6 4. h3 Nf6 5. c4 e6 6. a3 Nbd7 7. Nc3 Qc7 8. Bd2 Bg7 9. Rc1 0-0 10. cxd5 exd5 11. Be2 Re8 12. 0-0 Nf8 13. Ne5 N6d7 14. Nxd5 Qd8 15. Nxd7 Bxd7 16. Nf4 Ne6 17. Nd3 Ng5 18. Nf4 Ne4 19. Be1 Qg5 20. Bf3 Rad8 21. Bxe4 Rxe4 22. Qf3 Rde8 23. Bc3 a6 24. Nd3 Bf8 25. Ne5 Qf5 26. Nxd7 Qxd7 27. d5 f5 28. dxc6 Qxc6 29. Rfd1 Qe6 30. Rd3 Rc8 31. Rcd1 Qb6 32. Qe2 Bg7 33. Bxg7 Kxg7 34. Rd7+ Kh6 35. b4 Rc7 36. Qb2 Re7 37. R1d6 Qb5 38. Rxe7 Rxe7 39. Qf6 Qe8 40. Qh4+ Kg7 41. Qd4+ Kh6 42. Rd8 Qf7 43. Rh8 g5 44. Qd8 Kg7 45. Rg8+ Kh6 46. Rf8 Rd7 47. Qb6+ Qg6 48. Rf6 1-0

[Event "Hessen-ch Seniors op 04th"]
[Site "Bad Sooden-Allendorf"]
[Date "2008.04.28"]
[Round "5"]
[White "Klinger, Rudolf"]
[Black "Wuestefeld, Dietfried"]
[Result "1-0"]
[WhiteElo "1656"]
[BlackElo "1754"]
[PlyCount "49"]
[EventDate "2008.04.24"]
[EventType "swiss"]
[EventRounds "9"]
[EventCountry "GER"]
[SourceTitle "EXT 2022"]
[Source "ChessBase"]
[SourceDate "2021.10.06"]
[SourceVersion "1"]
[SourceVersionDate "2021.10.06"]
[SourceQuality "1"]

1. e4 c5 2. Nf3 Nc6 3. d4 cxd4 4. Nxd4 Qb6 5. Nxc6 dxc6 6. Bd3 Nf6 7. 0-0 e5 8. Nc3 Be6 9. b3 Qa5 10. Ne2 Rd8 11. Ng3 Bb4 12. Bg5 Be7 13. Bxf6 Bxf6 14. Nh5 Ke7 15. Qe2 g6 16. Nxf6 Kxf6 17. f4 exf4 18. Rxf4+ Kg7 19. Raf1 Qxa2 20. Bc4 Rhf8 21. Bxe6 fxe6 22. Qf2 Qa3 23. Rf7+ Kg8 24. Qf6 Qc5+ 25. Kh1 1-0

[Event "Hessen-ch Seniors op 04th"]
[Site "Bad Sooden-Allendorf"]
[Date "2008.04.25"]
[Round "2"]
[White "Wuestefeld, Dietfried"]
[Black "Siegmund, Rainer"]
[Result "1/2-1/2"]
[WhiteElo "1754"]
[BlackElo "1975"]
[PlyCount "50"]
[EventDate "2008.04.24"]
[EventType "swiss"]
[EventRounds "9"]
[EventCountry "GER"]
[SourceTitle "EXT 2022"]
[Source "ChessBase"]
[SourceDate "2021.10.06"]
[SourceVersion "1"]
[SourceVersionDate "2021.10.06"]
[SourceQuality "1"]

1. d4 Nf6 2. Nf3 e6 3. Bg5 d5 4. e3 h6 5. Bf4 Nbd7 6. c4 c5 7. Nc3 dxc4 8. Bxc4 a6 9. dxc5 Bxc5 10. Bd6 Qb6 11. Bxc5 Nxc5 12. Qe2 0-0 13. 0-0 Qc7 14. Rac1 b5 15. Bd3 Nxd3 16. Qxd3 Qa5 17. a3 Bb7 18. Qe2 Rac8 19. Nd4 Rc4 20. Na2 Bd5 21. Nc3 Rfc8 22. Nb3 Qb6 23. Nd2 R4c7 24. Nxd5 Nxd5 25. Rxc7 Qxc7 1/2-1/2

[Event "GER-ch Seniors 18th"]
[Site "Dresden"]
[Date "2006.07.23"]
[Round "2"]
[White "Ollek, Karl Heinz"]
[Black "Wuestefeld, Dietfried"]
[Result "1/2-1/2"]
[WhiteElo "1708"]
[BlackElo "1794"]
[PlyCount "78"]
[EventDate "2006.07.22"]
[EventType "swiss"]
[EventRounds "9"]
[EventCountry "GER"]
[SourceTitle "EXT 2022"]
[Source "ChessBase"]
[SourceDate "2021.10.06"]
[SourceVersion "1"]
[SourceVersionDate "2021.10.06"]
[SourceQuality "1"]

1. Nf3 d5 2. d4 Nf6 3. c4 e6 4. Nc3 Bd7 5. Bf4 a6 6. e3 Bb4 7. a3 Be7 8. Ne5 Nc6 9. Nxd7 Qxd7 10. c5 0-0 11. Bd3 Ne8 12. Qc2 f5 13. h3 Nf6 14. 0-0 h6 15. Qe2 g5 16. Be5 Nxe5 17. dxe5 Ne4 18. Bxe4 fxe4 19. Rad1 Qe8 20. b4 Rf5 21. f3 exf3 22. Rxf3 Rxf3 23. gxf3 Qh5 24. Qg2 Kh8 25. Ne2 Rf8 26. Nd4 g4 27. hxg4 Qxe5 28. Re1 Bg5 29. Nc2 Qf6 30. f4 Bh4 31. Rf1 Qg6 32. Nd4 c6 33. Qh3 Be7 34. Kh2 Rf7 35. f5 exf5 36. Rxf5 Bg5 37. Rxf7 Qxf7 38. Nf5 Qf6 39. Qg3 Qd8 1/2-1/2

[Event "Bad Bevensen Seniors op 8th"]
[Site "Bad Bevensen"]
[Date "2005.07.03"]
[Round "9"]
[White "Wittkugel, Friedhelm"]
[Black "Wuestefeld, Dietfried"]
[Result "1/2-1/2"]
[WhiteElo "2068"]
[BlackElo "2137"]
[PlyCount "64"]
[EventDate "2005.06.25"]
[EventType "swiss"]
[EventRounds "9"]
[EventCountry "GER"]
[SourceTitle "EXT 2007"]
[Source "ChessBase"]
[SourceDate "2006.11.23"]
[SourceVersion "1"]
[SourceVersionDate "2006.11.23"]
[SourceQuality "1"]

1. d4 d5 2. c4 c6 3. Nc3 Nf6 4. Qb3 dxc4 5. Qxc4 Nd5 6. Nf3 e6 7. e4 Nxc3 8. bxc3 Nd7 9. Bd3 Be7 10. 0-0 Qa5 11. Bd2 0-0 12. Rfe1 Kh8 13. Bc2 Qh5 14. Qe2 b5 15. Bb3 Bb7 16. Rad1 c5 17. d5 exd5 18. exd5 Bd6 19. c4 Nf6 20. h3 Rae8 21. Qd3 Bc8 22. Bg5 Bxh3 23. Bxf6 gxf6 24. Qc3 Bxg2 25. Qxf6+ Kg8 26. Qg5+ Qxg5 27. Nxg5 h6 28. Nxf7 Kxf7 29. Kxg2 Re5 30. Rh1 h5 31. Rh4 Kf6 32. Rf4+ Rf5 1/2-1/2

[Event "Bad Bevensen Seniors op 8th"]
[Site "Bad Bevensen"]
[Date "2005.06.30"]
[Round "6"]
[White "Wuestefeld, Dietfried"]
[Black "Fritsch, Juergen"]
[Result "0-1"]
[WhiteElo "2137"]
[BlackElo "2033"]
[PlyCount "100"]
[EventDate "2005.06.25"]
[EventType "swiss"]
[EventRounds "9"]
[EventCountry "GER"]
[SourceTitle "EXT 2007"]
[Source "ChessBase"]
[SourceDate "2006.11.23"]
[SourceVersion "1"]
[SourceVersionDate "2006.11.23"]
[SourceQuality "1"]

1. e4 e5 2. Nf3 Nc6 3. Nc3 Nf6 4. d4 Bb4 5. Bg5 exd4 6. Nxd4 Qe7 7. f3 0-0 8. Qd2 d6 9. a3 Bxc3 10. Qxc3 Qe5 11. Bxf6 Qxf6 12. 0-0-0 Nxd4 13. Qxd4 Qg5+ 14. Kb1 Be6 15. g3 Qe7 16. Bg2 f6 17. h4 Bf7 18. Bh3 Qe5 19. Qf2 a5 20. Rhg1 a4 21. Qd4 b5 22. Bd7 Rab8 23. Bc6 Rb6 24. Bd5 c5 25. Qf2 b4 26. Bxf7+ Rxf7 27. Rd5 Qe6 28. axb4 Rxb4 29. c3 Rb6 30. Ka1 Ra7 31. Rgd1 Raa6 32. Qe2 Kf7 33. f4 g6 34. f5 Qc8 35. Qc4 Kg7 36. g4 Qb7 37. g5 Qf7 38. e5 fxe5 39. f6+ Kf8 40. Rxc5 Qxc4 41. Rxc4 a3 42. b4 Rc6 43. b5 Rxc4 44. bxa6 Rc6 45. a7 Ra6 46. a8Q+ Rxa8 47. Rxd6 Re8 48. Rd7 e4 49. Rxh7 e3 50. Rb7 e2 0-1

[Event "Mecklenburg VP-ch Seniors 03rd"]
[Site "Plau am See"]
[Date "2003.10.09"]
[Round "4"]
[White "Helmsen, Franz"]
[Black "Wuestefeld, Dietfried"]
[Result "1-0"]
[WhiteElo "2118"]
[BlackElo "2180"]
[PlyCount "77"]
[EventDate "2003.10.??"]
[EventType "swiss"]
[EventRounds "9"]
[EventCountry "GER"]
[SourceTitle "EXT 2006"]
[Source "ChessBase"]
[SourceDate "2005.11.24"]
[SourceVersion "1"]
[SourceVersionDate "2005.11.24"]
[SourceQuality "1"]

1. e4 e5 2. Nf3 d6 3. d4 exd4 4. Nxd4 c6 5. Nc3 Be7 6. Be3 Nf6 7. Be2 a6 8. a4 d5 9. exd5 Nxd5 10. Nxd5 Qxd5 11. 0-0 0-0 12. Nb3 Qe6 13. Qd3 Nd7 14. Nd4 Qf6 15. c3 Ne5 16. Qe4 Bd6 17. h3 Bd7 18. Qf4 Qg6 19. Qg5 h6 20. Qxg6 Nxg6 21. Rfd1 Be5 22. Nf3 Be6 23. Nxe5 Nxe5 24. a5 Rfd8 25. Bb6 Rxd1+ 26. Rxd1 Nd7 27. Be3 Kf8 28. Bd4 f6 29. Bf3 Ke7 30. b4 Bd5 31. Be2 Ne5 32. Bc5+ Ke6 33. f4 Nf7 34. Bg4+ f5 35. Bh5 Rb8 36. c4 Be4 37. Bxf7+ Kxf7 38. Rd7+ Kg6 39. Bd4 1-0

[Event "Bad Bevensen Seniors op 4th"]
[Site "Bad Bevensen"]
[Date "2001.06.24"]
[Round "9"]
[White "Wuestefeld, Dietfried"]
[Black "Schlag, Franz"]
[Result "1/2-1/2"]
[WhiteElo "1959"]
[BlackElo "2141"]
[PlyCount "47"]
[EventDate "2001.06.??"]
[EventType "swiss"]
[EventRounds "9"]
[EventCountry "GER"]
[SourceTitle "EXT 2006"]
[Source "ChessBase"]
[SourceDate "2005.11.24"]
[SourceVersion "1"]
[SourceVersionDate "2005.11.24"]
[SourceQuality "1"]

1. c4 Nf6 2. Nc3 c6 3. d4 d5 4. e3 g6 5. Nf3 Bg7 6. Be2 0-0 7. 0-0 Bg4 8. Nd2 Bxe2 9. Qxe2 Nbd7 10. f4 e6 11. Kh1 h5 12. cxd5 cxd5 13. Nf3 Rc8 14. Bd2 a6 15. Rac1 b5 16. a3 Qb6 17. Ng5 Rc4 18. b3 Rc6 19. Na2 Rfc8 20. Qd3 Rxc1 21. Rxc1 Rxc1+ 22. Nxc1 Qc6 23. Qc3 Qxc3 24. Bxc3 1/2-1/2

[Event "Bad Bevensen Seniors op 4th"]
[Site "Bad Bevensen"]
[Date "2001.06.23"]
[Round "8"]
[White "Wuestefeld, Dietfried"]
[Black "Walkewitz, Hubert"]
[Result "0-1"]
[WhiteElo "1959"]
[BlackElo "2225"]
[PlyCount "100"]
[EventDate "2001.06.??"]
[EventType "swiss"]
[EventRounds "9"]
[EventCountry "GER"]
[SourceTitle "EXT 2006"]
[Source "ChessBase"]
[SourceDate "2005.11.24"]
[SourceVersion "1"]
[SourceVersionDate "2005.11.24"]
[SourceQuality "1"]

1. d4 d6 2. e4 Nf6 3. Nc3 g6 4. h3 Bg7 5. Nf3 0-0 6. Be3 c6 7. Qd2 b5 8. Bd3 Qa5 9. 0-0 Nbd7 10. g4 e5 11. Bh6 Re8 12. Bxg7 Kxg7 13. Qe3 Nf8 14. dxe5 dxe5 15. a3 h5 16. g5 N6d7 17. Nh4 Qb6 18. Qg3 Ne6 19. Ne2 Qd8 20. f4 exf4 21. Nxf4 Ndc5 22. Nxh5+ gxh5 23. Rf6 Nxd3 24. cxd3 Nd4 25. Qf2 Be6 26. Rf1 Rf8 27. g6 Bxh3 28. Rxf7+ Kg8 29. g7 Re8 30. Re1 Qg5+ 31. Kh1 Ne6 32. Rg1 Bg4 33. Rf5 Qe7 34. Re5 Rad8 35. Nf5 Qf6 36. d4 Nxg7 37. Ne7+ Qxe7 38. Rxe7 Rxe7 39. Qf6 Rdd7 40. e5 Rf7 41. Qg6 Rxd4 42. Qg5 Rf5 43. Qe7 Rd2 44. Rg2 Rxg2 45. Kxg2 Bf3+ 46. Kg3 Bd5 47. Qxa7 Rxe5 48. Kh4 Re4+ 49. Kg5 Rg4+ 50. Kh6 Bf7 0-1

[Event "Bad Bevensen Seniors op 4th"]
[Site "Bad Bevensen"]
[Date "2001.06.22"]
[Round "7"]
[White "Tscheppe, Karl Heinz"]
[Black "Wuestefeld, Dietfried"]
[Result "0-1"]
[WhiteElo "2140"]
[BlackElo "1959"]
[PlyCount "78"]
[EventDate "2001.06.??"]
[EventType "swiss"]
[EventRounds "9"]
[EventCountry "GER"]
[SourceTitle "EXT 2006"]
[Source "ChessBase"]
[SourceDate "2005.11.24"]
[SourceVersion "1"]
[SourceVersionDate "2005.11.24"]
[SourceQuality "1"]

1. e4 e6 2. d4 d5 3. e5 c5 4. c3 Nc6 5. Nf3 a6 6. Be2 h6 7. a3 cxd4 8. cxd4 Nge7 9. Bd3 Bd7 10. Nc3 b5 11. 0-0 Qb6 12. Ne2 f5 13. exf6 gxf6 14. Nf4 0-0-0 15. Be3 f5 16. Rc1 Kb7 17. Ne5 Nxe5 18. dxe5 d4 19. Bd2 Rg8 20. g3 Nc6 21. Re1 Bg7 22. Bf1 Nxe5 23. Rxe5 Bxe5 24. Nd3 Bd6 25. Bg2+ Ka7 26. Qe1 Rc8 27. Rb1 Rge8 28. Bxh6 Bc6 29. f3 Qb7 30. Qf2 e5 31. b4 Qh7 32. Bf4 Qg7 33. Bxe5 Bxe5 34. f4 Bd6 35. Rd1 Bxg2 36. Kxg2 Qb7+ 37. Kg1 Re3 38. Ne5 Bxe5 39. fxe5 Qe4 0-1

[Event "Bad Bevensen Seniors op 4th"]
[Site "Bad Bevensen"]
[Date "2001.06.21"]
[Round "6"]
[White "Wuestefeld, Dietfried"]
[Black "Braun, Gottfried"]
[Result "0-1"]
[WhiteElo "1959"]
[BlackElo "2292"]
[PlyCount "108"]
[EventDate "2001.06.??"]
[EventType "swiss"]
[EventRounds "9"]
[EventCountry "GER"]
[SourceTitle "EXT 2006"]
[Source "ChessBase"]
[SourceDate "2005.11.24"]
[SourceVersion "1"]
[SourceVersionDate "2005.11.24"]
[SourceQuality "1"]

1. d4 d6 2. e4 Nf6 3. Nc3 e5 4. dxe5 dxe5 5. Bg5 Qxd1+ 6. Rxd1 Bb4 7. Nge2 Be6 8. a3 Ba5 9. b4 Bb6 10. Ng3 Nbd7 11. Be2 c6 12. 0-0 Bd4 13. Na4 a6 14. c3 Ba7 15. Nb2 h6 16. Bc1 b5 17. Rd6 Rc8 18. c4 Bd4 19. cxb5 axb5 20. Nd1 Ke7 21. Rxd4 exd4 22. f4 Nb6 23. e5 Ne8 24. Nb2 g6 25. Rd1 Rd8 26. Ne4 Bb3 27. Re1 Bc2 28. Nc5 Nc7 29. Bd3 Bxd3 30. Nbxd3 Nc4 31. Re4 Rd5 32. g4 f5 33. exf6+ Kxf6 34. h4 Re8 35. Kf2 Rxe4 36. Nxe4+ Kg7 37. Nec5 h5 38. g5 Kf7 39. Kf3 Ne6 40. Ne4 Ng7 41. Ng3 Ke7 42. Ke2 Nf5 43. Nxf5+ Rxf5 44. Kf3 Rd5 45. Ke2 Ke6 46. Nf2 Kf5 47. Kd3 Nb6 48. Ne4 Rd8 49. Nf2 Nd5 50. Kxd4 Nxb4+ 51. Kc5 Nd3+ 52. Nxd3 Rxd3 53. Bb2 Rb3 54. Be5 Rxa3 0-1